000 00457nam a2200193Ia 4500
003 OSt
005 20250909115313.0
008 250729s2005 xx 000 0 und d
020 _a9788176487047
040 _cAL
041 _aeng
082 _a371.333 RAOI
100 _aRao V K
_9222456
245 _aInstructional technology
260 _aNew Delhi
_bA P H Publishing
_c2005
300 _a276p
650 _aTechnology
_9222457
942 _2ddc
_cBED
999 _c235471
_d235471